000 00399nam a2200109Ia 4500
008 160609s9999 xx 000 0 und d
100 _aTaylor, James L.
245 _aMickey Spillane On Screen: A Complete Study Of The Television And Film Adaptations
245 _cBy:James L. Traylor, Max Allan Collins
260 _c2012
856 _uhttp://file.ebook777.com/MicSpiOnScrAComStuOfTheTelAndFilAda.pdf
999 _c295676
_d295676